[Event "Festival Jean-Claude Loubatière - Master"]
[Site "Montpellier"]
[Date "2006.07.11"]
[Round "4.2"]
[White "Hamdouchi, Hichem"]
[Black "Prie, Eric"]
[Result "1/2-1/2"]
[WhiteElo "2579"]
[BlackElo "2507"]
[PlyCount "78"]
[EventDate "2006.??.??"]

1. e4 d5 2. exd5 Qxd5 3. Nc3 Qa5 4. d4 Nf6 5. Nf3 c6 6. Bc4 Bf5 7. Bd2 e6 8.
Nh4 Bg6 9. Nxg6 hxg6 10. Nd5 Qd8 11. Nxf6+ gxf6 12. c3 Nd7 13. Qf3 f5 14. O-O-O
Nf6 15. Kb1 Qc7 16. h3 O-O-O 17. Bg5 Be7 18. g4 Nd5 19. Bc1 Rh4 20. Bb3 Rdh8
21. c4 Nf6 22. Bf4 Qa5 23. d5 fxg4 24. Qe2 gxh3 25. Bh2 Rd8 26. Bc2 cxd5 27.
cxd5 Nxd5 28. Bxg6 Nb4 29. Rc1+ Nc6 30. Qf3 Bd6 31. Be4 Bxh2 32. Rxh2 Qe5 33.
Bxc6 bxc6 34. Qxc6+ Kb8 35. a3 Qe4+ 36. Qxe4 Rxe4 37. Rxh3 Rf4 38. Rb3+ Ka8 39.
f3 Rb8 1/2-1/2

[Event "Festival Jean-Claude Loubatière - Master"]
[Site "Montpellier"]
[Date "2006.07.11"]
[Round "4.3"]
[White "Hebden, Mark"]
[Black "Lazic, Miroljub"]
[Result "1/2-1/2"]
[WhiteElo "2532"]
[BlackElo "2477"]
[PlyCount "97"]
[EventDate "2006.??.??"]

1. d4 d6 2. Nf3 g6 3. e4 Bg7 4. Nc3 Nd7 5. Bc4 e6 6. O-O Ne7 7. Re1 h6 8. a4 a6
9. a5 O-O 10. h3 b5 11. axb6 cxb6 12. Bf4 Qc7 13. Qe2 Nb8 14. e5 d5 15. Bd3 Bb7
16. Qd2 Kh7 17. Ne2 a5 18. Ng3 Ba6 19. Nh5 Ng8 20. Nxg7 Bxd3 21. Qxd3 Kxg7 22.
Nh2 Nc6 23. Qd2 Nce7 24. Ng4 Nf5 25. Nf6 Rfc8 26. c3 a4 27. g4 Nfe7 28. Re3 b5
29. Rf3 Qb7 30. h4 b4 31. cxb4 Rc4 32. Rc1 Rac8 33. Rxc4 dxc4 34. Ra3 Nd5 35.
Nxd5 Qxd5 36. f3 Rb8 37. Qc3 Qb5 38. Bd2 Ne7 39. Qc1 Nd5 40. Bxh6+ Kh7 41. Bd2
Nxb4 42. Bxb4 Qxb4 43. Kf2 Qxb2+ 44. Qxb2 Rxb2+ 45. Kg3 Rd2 46. Rxa4 Rxd4 47.
Ra7 Kg7 48. Rc7 Kg8 49. Rc8+ 1/2-1/2

[Event "Festival Jean-Claude Loubatière - Master"]
[Site "Montpellier"]
[Date "2006.07.11"]
[Round "4.4"]
[White "Cornette, Matthieu"]
[Black "Kosten, Anthony C"]
[Result "1/2-1/2"]
[WhiteElo "2447"]
[BlackElo "2530"]
[PlyCount "46"]
[EventDate "2006.??.??"]

1. e4 e5 2. Nf3 Nc6 3. Bb5 Nf6 4. d3 Bc5 5. Nc3 d6 6. O-O O-O 7. Na4 Bb6 8.
Nxb6 axb6 9. c3 Ne7 10. Re1 Ng6 11. d4 Qe7 12. Bd3 h6 13. h3 Nh7 14. Nh2 Qh4
15. Bf1 Ng5 16. Nf3 Nxf3+ 17. Qxf3 Be6 18. g3 Qe7 19. a3 c5 20. d5 Bd7 21. Qh5
Be8 22. Qf3 Bd7 23. Qh5 Be8 1/2-1/2

[Event "Festival Jean-Claude Loubatière - Master"]
[Site "Montpellier"]
[Date "2006.07.11"]
[Round "4.5"]
[White "Jedynak, Radoslaw"]
[Black "Argandona Rivero, Inigo"]
[Result "1-0"]
[WhiteElo "2519"]
[BlackElo "2366"]
[PlyCount "103"]
[EventDate "2006.??.??"]

1. d4 Nf6 2. c4 e6 3. Nf3 Bb4+ 4. Bd2 Qe7 5. g3 O-O 6. Nc3 Bxc3 7. Bxc3 Ne4 8.
Rc1 Nxc3 9. Rxc3 Nc6 10. Bg2 e5 11. d5 Nb8 12. c5 d6 13. cxd6 cxd6 14. Qc2 Na6
15. O-O g6 16. Rc1 Bd7 17. Qd2 Rfc8 18. Qe3 Rxc3 19. Rxc3 Nb4 20. Nd2 Bf5 21.
g4 Nc2 22. Qh6 Nd4 23. gxf5 Nxe2+ 24. Kf1 Nxc3 25. bxc3 gxf5 26. Bh3 Qf8 27.
Qg5+ Qg7 28. Qxf5 Qg6 29. Ne4 Qxf5 30. Bxf5 Kf8 31. Bxh7 Ke7 32. Bf5 b5 33. Ke2
a5 34. Kd3 Rh8 35. h3 Rh4 36. Bg4 b4 37. c4 a4 38. f3 Rh8 39. c5 Rb8 40. c6 b3
41. c7 Rc8 42. axb3 Rxc7 43. bxa4 Ra7 44. Nc3 Kf6 45. Ne4+ Ke7 46. Nc3 Kf6 47.
h4 Kg6 48. f4 exf4 49. Bd1 Kf5 50. Nb5 Ra6 51. Nd4+ Ke5 52. Nc6+ 1-0

[Event "Festival Jean-Claude Loubatière - Master"]
[Site "Montpellier"]
[Date "2006.07.11"]
[Round "4.6"]
[White "Savchenko, Stanislav"]
[Black "Grabarczyk, Miroslaw"]
[Result "1-0"]
[WhiteElo "2508"]
[BlackElo "2451"]
[PlyCount "57"]
[EventDate "2006.??.??"]

1. d4 d5 2. c4 dxc4 3. Nf3 Nf6 4. e3 e6 5. Bxc4 c5 6. O-O a6 7. dxc5 Qxd1 8.
Rxd1 Bxc5 9. Be2 O-O 10. Nbd2 Rd8 11. Ne5 b6 12. Nb3 Rxd1+ 13. Bxd1 Be7 14. Bd2
Bb7 15. Rc1 Bd8 16. Nd4 Kf8 17. Bb4+ Ke8 18. Nc4 Kd7 19. Ba4+ b5 20. Nxb5 axb5
21. Bxb5+ Nc6 22. Ne5+ Kc7 23. Nxc6 Kb6 24. a4 Bxc6 25. Rxc6+ Kb7 26. Rc4 Kb6
27. Bc5+ Kb7 28. Bd4 Ra5 29. b4 1-0

[Event "Festival Jean-Claude Loubatière - Master"]
[Site "Montpellier"]
[Date "2006.07.11"]
[Round "4.9"]
[White "Bijaoui, Manuel"]
[Black "Czakon, Jakub"]
[Result "1-0"]
[WhiteElo "2363"]
[BlackElo "2484"]
[PlyCount "41"]
[EventDate "2006.??.??"]

1. e4 c5 2. Nf3 d6 3. d4 cxd4 4. Nxd4 Nf6 5. Nc3 a6 6. Bg5 Nbd7 7. f4 b5 8.
Bxf6 Nxf6 9. e5 b4 10. Na4 dxe5 11. fxe5 Qa5 12. exf6 Qxa4 13. Bc4 Ra7 14. Qh5
exf6 15. O-O-O Bd6 16. Nb5 Bf4+ 17. Kb1 Rb7 18. Rhe1+ Be5 19. Rxe5+ fxe5 20.
Qxe5+ Be6 21. Nd6+ 1-0

[Event "Festival Jean-Claude Loubatière - Master"]
[Site "Montpellier"]
[Date "2006.07.11"]
[Round "4.14"]
[White "Trent, Lawrence"]
[Black "Fantin, Ludwig"]
[Result "0-1"]
[WhiteElo "2434"]
[BlackElo "2226"]
[PlyCount "122"]
[EventDate "2006.??.??"]

1. d4 Nf6 2. Bg5 Ne4 3. Bf4 d5 4. e3 c6 5. Nd2 Nd6 6. Bd3 Nd7 7. Ngf3 g6 8. h4
h5 9. Bxd6 exd6 10. c3 Bg7 11. Ng5 Qe7 12. Qb3 Bh6 13. Qa3 O-O 14. O-O-O Nf6
15. Kb1 Bxg5 16. hxg5 Ne4 17. Nxe4 dxe4 18. Be2 Rd8 19. Rdg1 Qxg5 20. Qb3 Kg7
21. f4 exf3 22. gxf3 Qxe3 23. Qc2 Kf6 24. Ka1 Bf5 25. Qd1 Re8 26. Rg2 Re7 27.
d5 c5 28. Qa4 Rae8 29. Qh4+ Kg7 30. Qxh5 Qf4 31. Qh7+ Kf6 32. Qh2 Qxh2 33.
Rhxh2 Re5 34. c4 Re3 35. b3 Bd3 36. Bd1 Re1 37. Rd2 Bc2 38. Rxc2 Rxd1+ 39. Kb2
Rf1 40. Rc3 Kf5 41. Ka3 Kf4 42. Rh4+ Kg3 43. Rg4+ Kf2 44. Rf4 f5 45. Rh4 Kg3
46. Rh7 Rxf3 47. Rxf3+ Kxf3 48. Rg7 f4 49. Rxg6 Rd8 50. b4 b6 51. bxc5 bxc5 52.
Ka4 Ke2 53. Kb5 f3 54. Rf6 Rb8+ 55. Kc6 Rb6+ 56. Kc7 f2 57. Re6+ Kd3 58. Rf6
Kxc4 59. Rxf2 Kxd5 60. Rf3 c4 61. Ra3 Rc6+ 0-1

[Event "Festival Jean-Claude Loubatière - Master"]
[Site "Montpellier"]
[Date "2006.07.11"]
[Round "4.15"]
[White "Hanley, Craig"]
[Black "Sandu, Mihaela"]
[Result "0-1"]
[WhiteElo "2419"]
[BlackElo "2213"]
[PlyCount "78"]
[EventDate "2006.??.??"]

1. d4 Nf6 2. Bg5 Ne4 3. Bf4 c5 4. f3 Qa5+ 5. c3 Nf6 6. d5 Qb6 7. e4 Qxb2 8. Nd2
Qxc3 9. Bc7 b6 10. Ne2 Qa5 11. Be5 b5 12. a4 d6 13. axb5 Qc7 14. Bc3 Nbd7 15.
Ba5 Qb7 16. Nc3 g6 17. Bc4 Bg7 18. O-O O-O 19. f4 Nb6 20. Be2 Nfd7 21. Nf3 c4
22. Kh1 a6 23. Nd4 axb5 24. Ncxb5 Nc5 25. Bc3 Nxe4 26. Rxa8 Qxa8 27. Ba1 Nxd5
28. Qe1 Ndf6 29. Bxc4 Bb7 30. Nc7 Qa4 31. Bb5 Qa2 32. Bc6 Bxc6 33. Nxc6 e6 34.
Qb4 d5 35. Bd4 h5 36. Rc1 Ng4 37. Ne7+ Kh7 38. Bxg7 Nef2+ 39. Kg1 Nh3+ 0-1

[Event "Festival Jean-Claude Loubatière - Master"]
[Site "Montpellier"]
[Date "2006.07.11"]
[Round "4.21"]
[White "Guennoun, Anthony"]
[Black "Laclau, Daniel"]
[Result "0-1"]
[WhiteElo "2159"]
[BlackElo "2277"]
[PlyCount "44"]
[EventDate "2006.??.??"]

1. e4 c5 2. Nc3 g6 3. Nge2 Bg7 4. d4 cxd4 5. Nxd4 Nc6 6. Be3 Nf6 7. Bc4 O-O 8.
Bb3 a5 9. f3 d6 10. Qd2 Bd7 11. O-O-O a4 12. Nxc6 Bxc6 13. Bc4 b5 14. Bxb5 Bxb5
15. Nxb5 Qb8 16. Nd4 Qb7 17. c3 Rfb8 18. h4 Nd7 19. Qc2 Ra6 20. g4 Ne5 21. Rh2
Nc4 22. Bg1 Be5 0-1

[Event "Festival Jean-Claude Loubatière - Master"]
[Site "Montpellier"]
[Date "2006.07.12"]
[Round "5.3"]
[White "Bricard, Emmanuel"]
[Black "Hamdouchi, Hichem"]
[Result "1/2-1/2"]
[WhiteElo "2469"]
[BlackElo "2579"]
[PlyCount "41"]
[EventDate "2006.??.??"]

1. e4 c5 2. Nc3 g6 3. g3 Bg7 4. Bg2 Nc6 5. d3 d6 6. Nge2 Rb8 7. a3 Nf6 8. Rb1
O-O 9. O-O b5 10. Nd5 Nd7 11. b4 e6 12. Ne3 a5 13. c3 Nb6 14. d4 cxd4 15. cxd4
axb4 16. axb4 Na4 17. d5 Ne7 18. Rb3 exd5 19. Nxd5 Nxd5 20. exd5 Bg4 21. Bf3
1/2-1/2

[Event "Festival Jean-Claude Loubatière - Master"]
[Site "Montpellier"]
[Date "2006.07.12"]
[Round "5.4"]
[White "Fantin, Ludwig"]
[Black "Hebden, Mark"]
[Result "1/2-1/2"]
[WhiteElo "2226"]
[BlackElo "2532"]
[PlyCount "110"]
[EventDate "2006.??.??"]

1. e4 e5 2. Nf3 Nc6 3. Bb5 a6 4. Bxc6 dxc6 5. O-O Bd6 6. d4 exd4 7. Qxd4 f6 8.
Be3 Ne7 9. Nbd2 Be6 10. Qc3 Ng6 11. Nd4 Qd7 12. Nxe6 Qxe6 13. Rad1 O-O-O 14. f3
Be5 15. Qc5 b6 16. Qc4 Qxc4 17. Nxc4 Rhe8 18. g3 b5 19. Nxe5 Nxe5 20. Kf2 Nc4
21. b3 Nxe3 22. Rxd8+ Rxd8 23. Kxe3 c5 24. f4 b4 25. g4 c4 26. bxc4 c5 27. e5
Rd4 28. e6 Kd8 29. f5 Rxg4 30. Rd1+ Ke8 31. Rd7 g6 32. Rxh7 gxf5 33. Ra7 Rxc4
34. Rxa6 Rxc2 35. Kf4 Rxh2 36. Kxf5 Rf2+ 37. Ke4 Ke7 38. Kd5 Rf5+ 39. Kc4 Re5
40. Rc6 f5 41. Rxc5 Re4+ 42. Kd5 Rxe6 43. Rc4 Rb6 44. Kc5 Ra6 45. Rc2 Ra4 46.
Kb5 Ra8 47. Kxb4 Kd6 48. a4 f4 49. a5 Kd5 50. Kb5 Rb8+ 51. Ka6 f3 52. Ka7 Rb1
53. a6 Kd4 54. Ka8 Kd3 55. a7 Kxc2 1/2-1/2

[Event "Festival Jean-Claude Loubatière - Master"]
[Site "Montpellier"]
[Date "2006.07.12"]
[Round "5.5"]
[White "Kosten, Anthony C"]
[Black "Bijaoui, Manuel"]
[Result "1-0"]
[WhiteElo "2530"]
[BlackElo "2363"]
[PlyCount "73"]
[EventDate "2006.??.??"]

1. c4 Nf6 2. Nc3 g6 3. g3 Bg7 4. Bg2 O-O 5. e4 d6 6. Nge2 c5 7. O-O Nc6 8. d3
a6 9. h3 Rb8 10. a4 Ne8 11. Be3 Nd4 12. Rb1 Nc7 13. b4 Nce6 14. bxc5 Nxe2+ 15.
Nxe2 dxc5 16. f4 Nd4 17. e5 f6 18. Nxd4 cxd4 19. exf6 Bxf6 20. Bd2 Bf5 21. Qb3
h5 22. Rfe1 Kh8 23. a5 Qd7 24. Kh2 Rfe8 25. Qa3 e5 26. Rb6 Bd8 27. Bc6 Qxc6 28.
Rxc6 bxc6 29. Bb4 Bc7 30. Bd6 Bxd6 31. Qxd6 exf4 32. Qxd4+ Kg8 33. Rxe8+ Rxe8
34. gxf4 h4 35. Qd6 Re2+ 36. Kg1 Bxh3 37. Qxg6+ 1-0

[Event "Festival Jean-Claude Loubatière - Master"]
[Site "Montpellier"]
[Date "2006.07.12"]
[Round "5.6"]
[White "Prie, Eric"]
[Black "Handke, Florian"]
[Result "0-1"]
[WhiteElo "2507"]
[BlackElo "2458"]
[PlyCount "148"]
[EventDate "2006.??.??"]

1. d4 d5 2. Nf3 Nf6 3. a3 Bf5 4. c4 dxc4 5. e3 e6 6. Bxc4 Be7 7. O-O O-O 8. h3
Nbd7 9. Nh4 Bxb1 10. Rxb1 c5 11. Nf3 Rc8 12. Qe2 Qc7 13. Bd3 cxd4 14. exd4 Bd6
15. Bd2 Bf4 16. Rfc1 Qb8 17. Rxc8 Rxc8 18. Be1 Qd6 19. g3 Bh6 20. Rd1 g6 21.
Ne5 Qd5 22. Bc4 Qd6 23. Bb4 Qc7 24. Bb3 Nd5 25. Bxd5 exd5 26. Qf3 Nxe5 27. dxe5
Qxe5 28. Rxd5 Qxb2 29. Rd7 Qc1+ 30. Kh2 Qc4 31. Qxb7 Re8 32. Re7 Rd8 33. Qxa7
Bg7 34. Qc7 Qxc7 35. Rxc7 h5 36. Rc2 Ra8 37. Kg2 Bf8 38. Rb2 Bg7 39. Ra2 Ra4
40. Kf3 Bf8 41. Rb2 f5 42. Ke2 Bg7 43. Rc2 Bf6 44. Kd3 h4 45. gxh4 Bxh4 46. Kc4
Ra8 47. Kb5 Kf7 48. Rc7+ Ke6 49. f3 Rb8+ 50. Kc6 Bf2 51. Re7+ Kf6 52. Re2 Ba7
53. f4 Bg1 54. h4 Kf7 55. Re7+ Kf6 56. Rb7 Rc8+ 57. Rc7 Rb8 58. Kd6 Rd8+ 59.
Kc6 Rb8 60. Bd6 Ra8 61. Be5+ Ke6 62. Rg7 Ra6+ 63. Kb5 Rb6+ 64. Ka5 Kd5 65. h5
Rb3 66. a4 Bb6+ 67. Ka6 gxh5 68. Rb7 Kc4 69. Bf6 Bf2 70. a5 Rxb7 71. Kxb7 h4
72. Bxh4 Bxh4 73. Kc6 Bf2 74. a6 Bc5 0-1

[Event "Festival Jean-Claude Loubatière - Master"]
[Site "Montpellier"]
[Date "2006.07.12"]
[Round "5.7"]
[White "Lazic, Miroljub"]
[Black "Cornette, Matthieu"]
[Result "0-1"]
[WhiteElo "2477"]
[BlackElo "2447"]
[PlyCount "76"]
[EventDate "2006.??.??"]

1. d4 Nf6 2. Nf3 e6 3. e3 c5 4. Nbd2 b6 5. Bd3 Bb7 6. O-O Be7 7. b3 O-O 8. Bb2
cxd4 9. exd4 d6 10. Re1 Nbd7 11. c4 Re8 12. b4 Bf8 13. Qb3 Qc7 14. Rac1 Rac8
15. Ne4 Qb8 16. Nxf6+ Nxf6 17. d5 e5 18. Qa4 a6 19. Bf1 g6 20. Rcd1 Qa8 21. Nd2
Re7 22. Qa3 b5 23. Qa5 Rec7 24. c5 Bxd5 25. Nb3 Nd7 26. cxd6 Bxd6 27. Nc5 Bxc5
28. bxc5 Rxc5 29. Qd2 Be6 30. Qh6 Rc2 31. Ba3 Qa7 32. Re3 Nf6 33. h3 Nd5 34.
Re2 Rxe2 35. Bxe2 Nc3 36. Re1 Qd4 37. Be7 Qf4 38. Bg5 Nxe2+ 0-1

[Event "Festival Jean-Claude Loubatière - Master"]
[Site "Montpellier"]
[Date "2006.07.12"]
[Round "5.10"]
[White "Argandona Rivero, Inigo"]
[Black "Flear, Glenn C"]
[Result "1-0"]
[WhiteElo "2366"]
[BlackElo "2474"]
[PlyCount "63"]
[EventDate "2006.??.??"]

1. d4 d5 2. c4 c6 3. Nc3 dxc4 4. a4 e5 5. dxe5 Qxd1+ 6. Nxd1 Na6 7. Nf3 Nb4 8.
Ne3 Nh6 9. Bd2 Ng4 10. Rc1 Nxe3 11. Bxe3 Be6 12. Bd2 Na2 13. Ra1 O-O-O 14. Rxa2
c3 15. Bxc3 Bxa2 16. g3 Bd5 17. Bg2 Bc5 18. e3 b5 19. axb5 cxb5 20. O-O b4 21.
Rc1 Kb7 22. Bd4 Bxd4 23. Nxd4 Bxg2 24. Kxg2 Rd5 25. f4 Rc8 26. Ra1 Rxd4 27.
exd4 Rc2+ 28. Kf3 Rxb2 29. d5 b3 30. e6 fxe6 31. dxe6 Kc8 32. Rd1 1-0

[Event "Festival Jean-Claude Loubatière - Master"]
[Site "Montpellier"]
[Date "2006.07.12"]
[Round "5.13"]
[White "Sandu, Mihaela"]
[Black "Weill, Roland"]
[Result "1-0"]
[WhiteElo "2213"]
[BlackElo "2273"]
[PlyCount "67"]
[EventDate "2006.??.??"]

1. e4 g6 2. d4 Bg7 3. Nc3 d6 4. Be3 a6 5. Qd2 b5 6. h4 h5 7. f3 Nf6 8. O-O-O c6
9. Kb1 Qc7 10. e5 Nd5 11. Nxd5 cxd5 12. exd6 Qxd6 13. Bf4 Qc6 14. Bd3 Bf5 15.
Bxf5 gxf5 16. Nh3 Nd7 17. Nf2 Bf6 18. Qd3 e6 19. Bg5 O-O-O 20. Nh3 Kb7 21. Bxf6
Nxf6 22. Ng5 Rd7 23. Qe2 Qd6 24. Rd3 Rc7 25. a4 Rhc8 26. axb5 axb5 27. Rb3 Rc4
28. Rxb5+ Ka7 29. c3 Qc7 30. Qc2 Rc6 31. Qa4+ Ra6 32. Qb4 Ne8 33. Rc5 Rc6 34.
Kc2 1-0

[Event "Festival Jean-Claude Loubatière - Master"]
[Site "Montpellier"]
[Date "2006.07.12"]
[Round "5.15"]
[White "Hommeles, Theo"]
[Black "Palleja, Xavier"]
[Result "0-1"]
[WhiteElo "2381"]
[BlackElo "2206"]
[PlyCount "96"]
[EventDate "2006.??.??"]

1. e4 e6 2. d4 d5 3. Nc3 Bb4 4. e5 c5 5. a3 Bxc3+ 6. bxc3 Ne7 7. h4 Qc7 8. h5
h6 9. Rh3 Nbc6 10. Qg4 Nf5 11. Qf4 f6 12. exf6 Qxf4 13. Bxf4 gxf6 14. dxc5 e5
15. Bd2 Be6 16. Rf3 Kf7 17. Rb1 Rab8 18. g4 Nfe7 19. Bh3 Rbg8 20. Rg3 Bc8 21.
Nf3 Nd8 22. Be3 Ne6 23. Rd1 Bd7 24. Nh4 Bc6 25. Nf5 Nxf5 26. gxf5 Ng5 27. Bg2
Rd8 28. f4 exf4 29. Bxf4 Rhe8+ 30. Kf2 Re7 31. Bd6 Re4 32. Rd4 Rde8 33. Kg1
Re1+ 34. Kh2 R8e2 35. Rgd3 Rc1 36. Rg3 Rcxc2 37. Bf4 Rf2 38. Kg1 Rfe2 39. Kh1
Re1+ 40. Kh2 Ree2 41. Kh1 Re1+ 42. Kh2 Rf1 43. Bd2 Rf2 44. Bf4 Nf3+ 45. Rxf3
Rxf3 46. Kg1 Rfxc3 47. Bxh6 Rg3 48. Bd2 Rc4 0-1

[Event "Festival Jean-Claude Loubatière - Master"]
[Site "Montpellier"]
[Date "2006.07.13"]
[Round "6.1"]
[White "Handke, Florian"]
[Black "Kosten, Anthony C"]
[Result "0-1"]
[WhiteElo "2458"]
[BlackElo "2530"]
[PlyCount "32"]
[EventDate "2006.??.??"]

1. e4 e5 2. Nf3 Nc6 3. Bb5 Nf6 4. d3 Bc5 5. O-O Nd4 6. Nxd4 Bxd4 7. c3 Bb6 8.
Kh1 c6 9. Ba4 O-O 10. f4 d5 11. Qe1 exf4 12. Bxf4 dxe4 13. Bg5 Qxd3 14. Na3 Ng4
15. Rd1 Qxf1+ 16. Qxf1 Nf2+ 0-1

[Event "Festival Jean-Claude Loubatière - Master"]
[Site "Montpellier"]
[Date "2006.07.13"]
[Round "6.2"]
[White "Jedynak, Radoslaw"]
[Black "Dziuba, Marcin"]
[Result "1/2-1/2"]
[WhiteElo "2519"]
[BlackElo "2511"]
[PlyCount "48"]
[EventDate "2006.??.??"]

1. e4 c5 2. Nf3 d6 3. d4 cxd4 4. Nxd4 Nf6 5. Nc3 Nc6 6. Bg5 e6 7. Qd2 a6 8.
O-O-O Bd7 9. f4 b5 10. a3 Rc8 11. Be2 Be7 12. Rhe1 O-O 13. Bxf6 gxf6 14. Kb1
Qb6 15. Nxc6 Bxc6 16. Qd4 Qxd4 17. Rxd4 Bb7 18. Red1 Rc5 19. Bf3 Rfc8 20. R4d2
Kf8 21. Ne2 Rc4 22. Nd4 Bd8 23. c3 Ke7 24. Be2 R4c7 1/2-1/2

[Event "Festival Jean-Claude Loubatière - Master"]
[Site "Montpellier"]
[Date "2006.07.13"]
[Round "6.3"]
[White "Savchenko, Stanislav"]
[Black "Libiszewski, Fabien"]
[Result "1/2-1/2"]
[WhiteElo "2508"]
[BlackElo "2482"]
[PlyCount "41"]
[EventDate "2006.??.??"]

1. d4 d5 2. c4 c6 3. Nf3 Nf6 4. Nc3 dxc4 5. a4 Bf5 6. e3 e6 7. Bxc4 Bb4 8. O-O
O-O 9. Nh4 Nbd7 10. Nxf5 exf5 11. Qc2 Nb6 12. Be2 Qd7 13. Na2 Nbd5 14. Nxb4
Nxb4 15. Qb3 a5 16. Bd2 Nbd5 17. f3 Rfe8 18. Rfe1 Re7 19. Bc4 Rae8 20. Kh1 Nb4
21. Bxb4 1/2-1/2

[Event "Festival Jean-Claude Loubatière - Master"]
[Site "Montpellier"]
[Date "2006.07.13"]
[Round "6.4"]
[White "Cornette, Matthieu"]
[Black "Bricard, Emmanuel"]
[Result "0-1"]
[WhiteElo "2447"]
[BlackElo "2469"]
[PlyCount "114"]
[EventDate "2006.??.??"]

1. e4 e6 2. d4 d5 3. Nc3 Nf6 4. Bg5 Be7 5. e5 Nfd7 6. h4 c5 7. Bxe7 Qxe7 8. Nb5
O-O 9. Nc7 cxd4 10. Nxa8 f6 11. Qxd4 fxe5 12. Qd2 Nf6 13. f3 Nc6 14. Nh3 Qd6
15. Ng5 Qb8 16. c3 Qxa8 17. Bd3 Qb8 18. O-O-O b5 19. Bc2 b4 20. Kb1 Bd7 21. Ka1
bxc3 22. bxc3 Na5 23. Rb1 Qc7 24. Qd3 Kh8 25. Rb4 h6 26. Nh7 e4 27. fxe4 Kxh7
28. exd5+ Kg8 29. d6 Qc5 30. Rf1 e5 31. h5 e4 32. Qd4 Qxh5 33. Bxe4 Qe2 34. Bd3
Qxg2 35. Rg1 Qd5 36. Qxd5+ Nxd5 37. Re4 Rf2 38. Re2 Rxe2 39. Bxe2 Nxc3 40. Bg4
Bxg4 41. Rxg4 Kf7 42. d7 Nb7 43. Kb2 Nb5 44. Rc4 Ke7 45. Rc8 N5d6 46. Rg8 g5
47. Rg6 Nf5 48. Ra6 g4 49. Rxa7 Nbd6 50. Kc2 g3 51. Kd3 h5 52. Ke2 h4 53. Kf3
h3 54. Ra8 Kxd7 55. Rh8 Nf7 56. Rh5 Ne5+ 57. Ke2 h2 0-1

[Event "Festival Jean-Claude Loubatière - Master"]
[Site "Montpellier"]
[Date "2006.07.13"]
[Round "6.5"]
[White "Hamdouchi, Hichem"]
[Black "Wirig, Anthony"]
[Result "1-0"]
[WhiteElo "2579"]
[BlackElo "2429"]
[PlyCount "115"]
[EventDate "2006.??.??"]

1. e4 c5 2. Nf3 e6 3. d4 cxd4 4. Nxd4 Nc6 5. Nc3 Qc7 6. g3 a6 7. Bg2 d6 8. O-O
Bd7 9. Re1 Be7 10. Nxc6 Bxc6 11. Qg4 h5 12. Qe2 Nf6 13. a4 O-O 14. b3 b5 15.
Bb2 Qb7 16. a5 Rac8 17. Rad1 Rfe8 18. Na2 Qc7 19. Nb4 e5 20. Nxa6 Qxa5 21. Ra1
Qb6 22. Nb4 Bb7 23. Bc1 Qc5 24. Ra5 Qxb4 25. Rxb5 Qc3 26. Rxb7 Qxc2 27. Qxc2
Rxc2 28. Be3 Ng4 29. Ba7 Bg5 30. h3 Nf6 31. Bf1 Bd2 32. Re2 Rb2 33. Bb8 Rd8 34.
Kg2 h4 35. g4 Bc3 36. Rxb2 Bxb2 37. Bc4 Nxe4 38. Bxf7+ Kh7 39. Bd5 Nf6 40. Be6
Kg6 41. Bc7 Re8 42. Bf5+ Kh6 43. Bxd6 g6 44. Rf7 Nd5 45. Bd7 Rd8 46. Bf8+ Kg5
47. Bc6 Nf4+ 48. Kh2 Rxf8 49. Rxf8 Bd4 50. Re8 Nd3 51. Be4 Nxf2 52. Bc2 Kf4 53.
Kg2 Ke3 54. Bxg6 Nd1 55. Bc2 Nc3 56. g5 e4 57. g6 Kf4 58. Re7 1-0

[Event "Festival Jean-Claude Loubatière - Master"]
[Site "Montpellier"]
[Date "2006.07.13"]
[Round "6.6"]
[White "Hebden, Mark"]
[Black "Sandu, Mihaela"]
[Result "1-0"]
[WhiteElo "2532"]
[BlackElo "2213"]
[PlyCount "47"]
[EventDate "2006.??.??"]

1. d4 Nf6 2. Nf3 g6 3. Nc3 Bg7 4. e4 d6 5. h3 c6 6. Be3 Qa5 7. Qd2 Nbd7 8. Bd3
O-O 9. O-O e5 10. a4 exd4 11. Nxd4 Ne5 12. Be2 Re8 13. Rfd1 Qb4 14. a5 Nfd7 15.
f3 Nc5 16. Qc1 Ned7 17. Ra3 Nxe4 18. fxe4 d5 19. exd5 Qe7 20. Bf2 Ne5 21. a6 b5
22. dxc6 b4 23. Nd5 Qd6 24. Ra5 1-0

[Event "Festival Jean-Claude Loubatière - Master"]
[Site "Montpellier"]
[Date "2006.07.13"]
[Round "6.7"]
[White "Fantin, Ludwig"]
[Black "Guidarelli, Laurent"]
[Result "1-0"]
[WhiteElo "2226"]
[BlackElo "2437"]
[PlyCount "67"]
[EventDate "2006.??.??"]

1. e4 d6 2. d4 g6 3. Nc3 a6 4. f4 b5 5. Bd3 Bb7 6. Nf3 Nd7 7. O-O c5 8. dxc5
Nxc5 9. Be3 Rc8 10. a4 b4 11. Nd5 Bg7 12. Nxb4 Nf6 13. e5 Ng4 14. Bxc5 dxc5 15.
Bxa6 Qb6 16. Bb5+ Kf8 17. Nd5 Bxd5 18. Qxd5 Ne3 19. Qd7 Rd8 20. Qc6 Qxc6 21.
Bxc6 Nxf1 22. Kxf1 Rc8 23. Be4 e6 24. a5 Rc7 25. a6 Ra7 26. c3 Ke7 27. b4 cxb4
28. cxb4 Rb8 29. Nd4 Rb6 30. Nc6+ Rxc6 31. Bxc6 Kd8 32. Rd1+ Kc7 33. Rd7+ Kb6
34. Bb7 1-0

[Event "Festival Jean-Claude Loubatière - Master"]
[Site "Montpellier"]
[Date "2006.07.13"]
[Round "6.10"]
[White "Palleja, Xavier"]
[Black "Prie, Eric"]
[Result "1/2-1/2"]
[WhiteElo "2206"]
[BlackElo "2507"]
[PlyCount "105"]
[EventDate "2006.??.??"]

1. c4 c6 2. e4 d5 3. exd5 cxd5 4. d4 Nf6 5. Nc3 Nc6 6. Nf3 Bg4 7. cxd5 Nxd5 8.
Qb3 Bxf3 9. gxf3 Nb6 10. Be3 e6 11. Rg1 g6 12. O-O-O Be7 13. d5 exd5 14. Nxd5
Nxd5 15. Rxd5 Qc7 16. Qc3 O-O 17. Bh6 Bf6 18. Qxf6 Nd4+ 19. Kd2 Qc2+ 20. Ke3
Qc1+ 21. Kd3 Qd1+ 22. Bd2 Qc2+ 23. Ke3 Rfe8+ 24. Kf4 Qxd2+ 25. Kg4 Qxf2 26.
Qxd4 Re3 27. Rd8+ Rxd8 28. Qxd8+ Kg7 29. Qd4+ f6 30. Rg3 h5+ 31. Kh4 Rxf3 32.
Qxf2 Rxf2 33. Bg2 Rxb2 34. Kh3 g5 35. Rb3 Rxa2 36. Rxb7+ Kg6 37. Bd5 g4+ 38.
Kg3 Ra3+ 39. Rb3 Rxb3+ 40. Bxb3 Kg5 41. h4+ gxh3 42. Kxh3 h4 43. Bc2 a5 44. Ba4
f5 45. Bb3 f4 46. Bd1 Kf5 47. Kxh4 Ke4 48. Kg4 Ke3 49. Ba4 f3 50. Kg3 f2 51.
Bb5 a4 52. Kg2 a3 53. Bc4 1/2-1/2

[Event "Festival Jean-Claude Loubatière - Master"]
[Site "Montpellier"]
[Date "2006.07.13"]
[Round "6.14"]
[White "Hanley, Craig"]
[Black "Laclau, Daniel"]
[Result "1-0"]
[WhiteElo "2419"]
[BlackElo "2277"]
[PlyCount "67"]
[EventDate "2006.??.??"]

1. e4 c5 2. Nf3 e6 3. d4 cxd4 4. Nxd4 Nf6 5. Nc3 d6 6. Be2 Nc6 7. Be3 Be7 8.
O-O O-O 9. Kh1 Bd7 10. f4 Nxd4 11. Qxd4 Bc6 12. a4 Qb8 13. Bf3 Rd8 14. Rfd1 b6
15. a5 b5 16. b4 Qc7 17. a6 d5 18. e5 Ne4 19. Be2 Nxc3 20. Qxc3 Rdc8 21. Qe1 f5
22. Bd4 Qd7 23. Bd3 Kh8 24. c3 Rg8 25. g4 g6 26. Qe2 Raf8 27. Rg1 Rf7 28. Rg3
Rgf8 29. gxf5 gxf5 30. Rag1 Bh4 31. R3g2 Bd8 32. Qh5 Qe8 33. Qh6 Qd7 34. Bxf5
1-0

[Event "Festival Jean-Claude Loubatière - Master"]
[Site "Montpellier"]
[Date "2006.07.13"]
[Round "6.16"]
[White "Trent, Lawrence"]
[Black "Salus, Stephane"]
[Result "1-0"]
[WhiteElo "2434"]
[BlackElo "2186"]
[PlyCount "43"]
[EventDate "2006.??.??"]

1. e4 g6 2. d4 c6 3. Nc3 d5 4. h3 Bg7 5. Nf3 Nh6 6. Bf4 f6 7. exd5 cxd5 8. Nb5
Na6 9. c4 Nf7 10. cxd5 Qxd5 11. Nc3 Qf5 12. Bb5+ Bd7 13. Bxd7+ Qxd7 14. O-O e6
15. Re1 O-O 16. Qb3 Rfe8 17. Re2 Bh6 18. Bxh6 Nxh6 19. Rae1 Kf7 20. g4 Re7 21.
g5 Nf5 22. Ne4 1-0